[Event "Euskadi ch 2009"]
[Site "Zornotza ESP"]
[Date "2009.04.13"]
[Round "1.1"]
[White "Gomez Esteban, Juan Mario"]
[Black "Sarralde Osua, Rodrigo"]
[Result "1-0"]
[WhiteElo "2495"]
[BlackElo "2190"]
[PlyCount "77"]
[EventDate "2009.04.13"]
[EventType "swiss"]
[EventRounds "9"]
[EventCountry "ESP"]
[Source "lmi"]
[SourceDate "2009.04.13"]

1. d4 d5 2. c4 c6 3. Nf3 Nf6 4. e3 e6 5. Bd3 Nbd7 6. b3 Bd6 7. Bb2 O-O 8. O-O
Re8 9. Ne5 Qc7 10. f4 Ne4 11. Bxe4 dxe4 12. Ba3 Bxa3 13. Nxa3 f6 14. Nxd7 Bxd7
15. c5 b5 16. Nb1 Rad8 17. Nd2 f5 18. a4 a6 19. b4 Re7 20. Qb3 Be8 21. axb5
axb5 22. Ra6 Bf7 23. Qa3 g5 24. Nb3 gxf4 25. Rxf4 Qc8 26. Rf2 e5 27. dxe5 Bxb3
28. Qxb3+ Kg7 29. Qa2 Rd1+ 30. Rf1 Rxf1+ 31. Kxf1 Qd7 32. Ra8 Kh6 33. Kf2 f4
34. Qe2 Rf7 35. exf4 Qd4+ 36. Kg3 Rg7+ 37. Kh4 Rg6 38. Qh5+ Kg7 39. Ra7+ 1-0

[Event "Euskadi ch 2009"]
[Site "Zornotza ESP"]
[Date "2009.04.13"]
[Round "1.2"]
[White "Diez Fraile, David"]
[Black "Huerga Leache, Mikel"]
[Result "1-0"]
[WhiteElo "2184"]
[BlackElo "2451"]
[PlyCount "97"]
[EventDate "2009.04.13"]
[EventType "swiss"]
[EventRounds "9"]
[EventCountry "ESP"]
[Source "lmi"]
[SourceDate "2009.04.13"]

1. e4 c5 2. Nf3 Nc6 3. d4 cxd4 4. Nxd4 Nf6 5. Nc3 d6 6. g3 g6 7. Nde2 Bg7 8.
Bg2 O-O 9. O-O Rb8 10. a4 a6 11. Re1 b5 12. axb5 axb5 13. Nd5 b4 14. Be3 Ne5
15. Ba7 Rb7 16. Bd4 Nxd5 17. exd5 g5 18. f4 gxf4 19. gxf4 Ng4 20. Bxg7 Kxg7 21.
Qd4+ Kg8 22. h3 Nf6 23. Ng3 Re8 24. Kh2 Bd7 25. Ne4 Nh5 26. Bf3 Nxf4 27. Nxd6
Qb8 28. Qxf4 Qxd6 29. Qxd6 exd6 30. Rxe8+ Bxe8 31. Ra6 Rc7 32. Be4 Re7 33. Bd3
Re3 34. b3 Bd7 35. Rxd6 Rxh3+ 36. Kg2 Bg4 37. Rb6 Rh5 38. Rxb4 Rg5 39. Kf2 h5
40. Rd4 Kf8 41. c4 h4 42. d6 Ke8 43. c5 h3 44. Bb5+ Kd8 45. c6 Rf5+ 46. Kg1 h2+
47. Kxh2 Rh5+ 48. Kg3 Bd7 49. c7+ 1-0

[Event "Euskadi ch 2009"]
[Site "Zornotza ESP"]
[Date "2009.04.13"]
[Round "1.3"]
[White "Alvarez Ibarra, Rafael"]
[Black "Sanz Perez, Eduardo"]
[Result "1/2-1/2"]
[WhiteElo "2377"]
[BlackElo "2177"]
[PlyCount "85"]
[EventDate "2009.04.13"]
[EventType "swiss"]
[EventRounds "9"]
[EventCountry "ESP"]
[Source "lmi"]
[SourceDate "2009.04.13"]

1. d4 e6 2. Nf3 Nf6 3. c4 b6 4. g3 Ba6 5. Qc2 c5 6. d5 Qe7 7. Bg5 exd5 8. cxd5
Qe4 9. Qxe4+ Nxe4 10. Nc3 Nxg5 11. Nxg5 Be7 12. h4 h6 13. Nge4 f5 14. Nd2 d6
15. e4 Bxf1 16. Kxf1 O-O 17. Kg2 Nd7 18. Nc4 fxe4 19. Nxe4 Nf6 20. Nxf6+ Bxf6
21. Rad1 Bd4 22. f3 Rf5 23. Nxd6 Rxd5 24. Ne4 Rad8 25. b3 Kf7 26. Rhe1 Bf6 27.
Rc1 Rd3 28. Re2 R8d5 29. Rcc2 Bd4 30. Red2 Be3 31. Rxd3 Rxd3 32. b4 cxb4 33.
Rc7+ Ke6 34. Rxa7 Ra3 35. Rxa3 bxa3 36. Kf1 Kd5 37. Ke2 Bd4 38. Kd3 Be5 39. h5
b5 40. g4 b4 41. Nd2 Bc3 42. Nb3 Bf6 43. Na5 1/2-1/2

[Event "Euskadi ch 2009"]
[Site "Zornotza ESP"]
[Date "2009.04.13"]
[Round "1.4"]
[White "Agirretxe San Sebastian, Jesus"]
[Black "Argandona Riveiro, Inigo"]
[Result "1/2-1/2"]
[WhiteElo "2173"]
[BlackElo "2371"]
[PlyCount "100"]
[EventDate "2009.04.13"]
[EventType "swiss"]
[EventRounds "9"]
[EventCountry "ESP"]
[Source "lmi"]
[SourceDate "2009.04.13"]

1. c4 e5 2. Nc3 Nf6 3. g3 c6 4. d4 d6 5. Bg2 Be7 6. Nf3 Nbd7 7. O-O O-O 8. Qc2
Re8 9. Rd1 Bf8 10. b3 a6 11. a3 Rb8 12. Rb1 Qe7 13. e4 b5 14. cxb5 axb5 15.
dxe5 dxe5 16. Bb2 Qc5 17. b4 Qa7 18. Ne2 c5 19. bxc5 Bxc5 20. Nc1 Bb7 21. Nh4
Rbc8 22. Qe2 Bxa3 23. Bxa3 Qxa3 24. Nf5 Re6 25. Nd3 g6 26. Nh6+ Kg7 27. Ng4
Nxg4 28. Qxg4 Nf6 29. Qg5 Bxe4 30. Ra1 Qxa1 31. Rxa1 Bxd3 32. Bh3 Rcc6 33. Bxe6
Rxe6 34. Qe3 Bc4 35. Qc5 Ne4 36. Qe3 Nd6 37. h4 h5 38. Ra8 b4 39. Rb8 b3 40.
Qc5 Kh7 41. Qc7 Kg7 42. Qd8 Ne8 43. Qd7 Nf6 44. Qc8 Re8 45. Qb7 Bd5 46. Qb4
Rxb8 47. Qxb8 Nd7 48. Qb5 Be6 49. f3 Kf6 50. Kf2 Ke7 1/2-1/2

[Event "Euskadi ch 2009"]
[Site "Zornotza ESP"]
[Date "2009.04.13"]
[Round "1.5"]
[White "Ruiz Gomez, Alejandro"]
[Black "Villalta Bustillo, Igor"]
[Result "0-1"]
[WhiteElo "2363"]
[BlackElo "2169"]
[PlyCount "88"]
[EventDate "2009.04.13"]
[EventType "swiss"]
[EventRounds "9"]
[EventCountry "ESP"]
[Source "lmi"]
[SourceDate "2009.04.13"]

1. Nf3 d5 2. c4 e6 3. g3 c5 4. Bg2 Nc6 5. cxd5 exd5 6. d4 Nf6 7. O-O Be7 8. Nc3
O-O 9. Bf4 Be6 10. dxc5 Bxc5 11. Rc1 Rc8 12. Na4 Bb6 13. Bg5 Re8 14. Nxb6 axb6
15. h3 Ra8 16. a3 Na5 17. Qd4 Nb3 18. Qb4 Nxc1 19. Rxc1 Rc8 20. Rxc8 Qxc8 21.
Bxf6 gxf6 22. Qxb6 Qc6 23. Qd4 Bf5 24. Nh4 Be4 25. Bxe4 Rxe4 26. Qd2 Qe6 27. e3
Rc4 28. Kh2 Qe4 29. g4 Rc2 30. Qe1 Rxb2 31. Nf5 Qf3 32. Kg1 Re2 33. Qf1 Rd2 34.
Nd4 Qd1 35. Qxd1 Rxd1+ 36. Kg2 Kf8 37. Kf3 Ke7 38. h4 Rd3 39. a4 Ra3 40. Nf5+
Kd7 41. g5 fxg5 42. hxg5 Rxa4 43. Nd4 Rxd4 44. exd4 b5 0-1

[Event "Euskadi ch 2009"]
[Site "Zornotza ESP"]
[Date "2009.04.13"]
[Round "1.6"]
[White "Padilla Cabero, Pablo"]
[Black "Limeres Guiance, Cristobal"]
[Result "0-1"]
[WhiteElo "2168"]
[BlackElo "2309"]
[PlyCount "140"]
[EventDate "2009.04.13"]
[EventType "swiss"]
[EventRounds "9"]
[EventCountry "ESP"]
[Source "lmi"]
[SourceDate "2009.04.13"]

1. e4 d5 2. d3 dxe4 3. dxe4 Qxd1+ 4. Kxd1 Nc6 5. c3 Nf6 6. f3 Bd7 7. Be3 O-O-O
8. Nd2 e6 9. Nh3 Be7 10. Be2 Kb8 11. Kc2 Bc8 12. Rad1 b6 13. Nb3 h6 14. Nf2 Bb7
15. Nd4 Ne5 16. Rd2 c5 17. Nb3 Ng6 18. Rhd1 Kc7 19. Rxd8 Rxd8 20. Rxd8 Kxd8 21.
Nd2 Bd6 22. g3 Nd7 23. f4 e5 24. Nh3 Nf6 25. Bf3 Bc7 26. f5 Ne7 27. g4 Nh7 28.
Nf2 Ng5 29. Bg2 f6 30. h4 Nf7 31. Bf3 Ke8 32. Nh3 g5 33. hxg5 hxg5 34. Nf1 Nc8
35. Ng3 Ncd6 36. Nf2 Bd8 37. Be2 Be7 38. b3 Nd8 39. Bd3 Nc6 40. Nd1 Na5 41. Nb2
Bc6 42. Kd1 Nab7 43. Nc4 b5 44. Nb2 Bd8 45. Ke2 Ba5 46. Bd2 a6 47. Nd1 c4 48.
Bc2 cxb3 49. axb3 Bb6 50. Ne3 Bxe3 51. Bxe3 a5 52. Kd3 Ke7 53. Kd2 a4 54. bxa4
Nc4+ 55. Kd3 Nb2+ 56. Ke2 bxa4 57. Bc1 Nc4 58. Nf1 Nba5 59. Ne3 Kd6 60. Nxc4+
Nxc4 61. Bd3 Kc5 62. Kd1 Bb5 63. Kc2 Nb6 64. Ba3+ Kc6 65. Bxb5+ Kxb5 66. Bc1
Nd7 67. Kd3 Nc5+ 68. Ke3 Kc4 69. Ba3 Nd7 70. Bb2 Kb3 0-1

[Event "Euskadi ch 2009"]
[Site "Zornotza ESP"]
[Date "2009.04.13"]
[Round "1.7"]
[White "Nava Pereda, Carlos"]
[Black "Hernandez Perez, Jesus"]
[Result "1-0"]
[WhiteElo "2296"]
[BlackElo "2061"]
[PlyCount "147"]
[EventDate "2009.04.13"]
[EventType "swiss"]
[EventRounds "9"]
[EventCountry "ESP"]
[Source "lmi"]
[SourceDate "2009.04.13"]

1. c4 e6 2. g3 f5 3. Bg2 Nf6 4. d4 Be7 5. Nf3 O-O 6. O-O d5 7. b3 c6 8. Ba3 Bd7
9. Qc1 Be8 10. Ne5 Nbd7 11. Nd3 Bf7 12. Nd2 Re8 13. Re1 Ne4 14. Bxe7 Qxe7 15.
Nf3 Qd6 16. Qb2 Bh5 17. Nfe5 Nxe5 18. Nxe5 Rad8 19. c5 Qc7 20. b4 Nf6 21. Nd3
Re7 22. a4 a6 23. b5 axb5 24. axb5 cxb5 25. Qxb5 Be8 26. Qa5 Bc6 27. Reb1 Qd7
28. Ne5 Qe8 29. Rb6 Rc8 30. Rab1 Rec7 31. Nxc6 bxc6 32. Rb7 Qe7 33. Qa7 Ne8 34.
e3 Rxb7 35. Qxb7 Qxb7 36. Rxb7 Rc7 37. Rb8 Kf7 38. Bf3 Ke7 39. Ra8 Rb7 40. g4
fxg4 41. Bxg4 Rc7 42. Ra6 Nf6 43. Bd1 Kd7 44. Ba4 Ne8 45. f3 Nf6 46. Kg2 Ng8
47. Ra8 Nf6 48. Kg3 Ke7 49. Ra6 Kd7 50. Kf4 Ne8 51. Bc2 Nf6 52. e4 h6 53. e5
Ng8 54. h4 Ne7 55. Ra1 Ke8 56. Ra8+ Kf7 57. h5 Rc8 58. Bg6+ Kf8 59. Rxc8+ Nxc8
60. Kg4 Na7 61. Bd3 Kf7 62. f4 Ke7 63. f5 Kf7 64. Kf4 Ke7 65. Ba6 Kf7 66. Bf1
Nc8 67. fxe6+ Ke7 68. Ba6 Na7 69. Kf5 Nb5 70. Bxb5 cxb5 71. c6 Kd8 72. Kg6 b4
73. c7+ Kxc7 74. e7 1-0

[Event "Euskadi ch 2009"]
[Site "Zornotza ESP"]
[Date "2009.04.13"]
[Round "1.8"]
[White "Torres Garcia, Koldo"]
[Black "Galzagorri Uli, Yeray"]
[Result "0-1"]
[WhiteElo "2043"]
[BlackElo "2263"]
[PlyCount "70"]
[EventDate "2009.04.13"]
[EventType "swiss"]
[EventRounds "9"]
[EventCountry "ESP"]
[Source "lmi"]
[SourceDate "2009.04.13"]

1. e4 c5 2. Nc3 e6 3. Nf3 Nc6 4. Bb5 Nge7 5. O-O a6 6. Bxc6 Nxc6 7. Re1 d6 8.
d4 cxd4 9. Nxd4 Be7 10. Nxc6 bxc6 11. Qg4 Kf8 12. f4 d5 13. e5 h5 14. Qf3 g6
15. b3 Bb7 16. Bb2 Qb6+ 17. Kh1 c5 18. Rad1 h4 19. h3 Rh5 20. Qf2 Rf5 21. Qd2
Qc6 22. Rg1 Kg7 23. Rde1 Rg8 24. Nd1 d4 25. c3 g5 26. cxd4 gxf4 27. d5 Qxd5 28.
Qxd5 Bxd5 29. Kh2 Kf8 30. Nf2 Rg6 31. Ng4 f3 32. gxf3 Rxf3 33. Rg3 hxg3+ 34.
Kg1 g2 35. Nf6 Rxh3 0-1

[Event "Euskadi ch 2009"]
[Site "Zornotza ESP"]
[Date "2009.04.13"]
[Round "1.9"]
[White "Astasio Lopez, David"]
[Black "Galarza Cenzano, Inigo"]
[Result "1-0"]
[WhiteElo "2250"]
[BlackElo "2037"]
[PlyCount "75"]
[EventDate "2009.04.13"]
[EventType "swiss"]
[EventRounds "9"]
[EventCountry "ESP"]
[Source "lmi"]
[SourceDate "2009.04.13"]

1. d4 Nf6 2. Nd2 e6 3. Ngf3 b6 4. e4 d5 5. e5 Nfd7 6. Bd3 Ba6 7. Nf1 Bxd3 8.
Qxd3 c5 9. c3 Nc6 10. a3 c4 11. Qc2 Na5 12. Bg5 Be7 13. h4 Nb3 14. Rb1 h6 15.
Bxe7 Qxe7 16. Ng3 b5 17. Nh5 Kf8 18. Nf4 a5 19. Nd2 Nxd2 20. Kxd2 g5 21. hxg5
Qxg5 22. g3 h5 23. Rh4 a4 24. Rbh1 Ke7 25. Rxh5 Rxh5 26. Rxh5 Qg4 27. Qd1 Rg8
28. Qxg4 Rxg4 29. Rh8 Nf8 30. Nh5 Rg5 31. Nf6 Rg7 32. Ke3 Rg6 33. g4 Rg7 34. f4
Rg6 35. Kf2 Rg7 36. Kf3 Rg6 37. f5 Rg7 38. Nxd5+ 1-0

[Event "Euskadi ch 2009"]
[Site "Zornotza ESP"]
[Date "2009.04.13"]
[Round "1.10"]
[White "Gutierrez Bustillo, Diego"]
[Black "Varas, Carlos"]
[Result "0-1"]
[WhiteElo "2004"]
[BlackElo "2245"]
[PlyCount "92"]
[EventDate "2009.04.13"]
[EventType "swiss"]
[EventRounds "9"]
[EventCountry "ESP"]
[Source "lmi"]
[SourceDate "2009.04.13"]

1. e4 c5 2. Nc3 e6 3. g3 d5 4. d3 dxe4 5. Nxe4 Bd7 6. Bg2 Bc6 7. Nf3 Nd7 8. O-O
Ngf6 9. Qe2 Be7 10. c3 O-O 11. Re1 Rc8 12. Bf4 Nxe4 13. dxe4 Qa5 14. a3 Rfd8
15. Rad1 Ba4 16. Rd2 Nf6 17. Ne5 Rxd2 18. Bxd2 Rd8 19. f4 Bc2 20. g4 Qa4 21. c4
Nd7 22. Nxd7 Qxd7 23. Be3 Bd3 24. Qf2 Bxc4 25. Bxc5 Bxc5 26. Qxc5 Qd2 27. Qf2
Qxf2+ 28. Kxf2 Rd2+ 29. Kg3 Rxb2 30. Rc1 b5 31. a4 g6 32. axb5 Bxb5 33. f5 exf5
34. exf5 gxf5 35. gxf5 Kg7 36. Rc7 a5 37. Bd5 Be8 38. Re7 Rb8 39. Kg4 Kf6 40.
Ra7 Rb4+ 41. Kf3 a4 42. Be4 Rc4 43. Ra6+ Ke5 44. Ra5+ Kf6 45. Ra6+ Kg5 46. Ra8
Rxe4 0-1

[Event "Euskadi ch 2009"]
[Site "Zornotza ESP"]
[Date "2009.04.13"]
[Round "1.11"]
[White "Martin Alvarez, Inigo"]
[Black "Arana Garate, Jon"]
[Result "1-0"]
[WhiteElo "2236"]
[BlackElo "1966"]
[PlyCount "33"]
[EventDate "2009.04.13"]
[EventType "swiss"]
[EventRounds "9"]
[EventCountry "ESP"]
[Source "lmi"]
[SourceDate "2009.04.13"]

1. e4 e5 2. Nf3 Nc6 3. Bb5 a6 4. Bxc6 dxc6 5. Nc3 Bd6 6. d4 exd4 7. Qxd4 f6 8.
Be3 Bg4 9. e5 Bxf3 10. exd6 Bh5 11. Qe4+ Kf7 12. g4 Bxg4 13. Qxg4 cxd6 14.
O-O-O Ne7 15. Bc5 d5 16. Rhe1 f5 17. Qe2 1-0

[Event "Euskadi ch 2009"]
[Site "Zornotza ESP"]
[Date "2009.04.13"]
[Round "1.12"]
[White "De Andres Oterino, Carlos"]
[Black "Trigo Urquijo, Sergio"]
[Result "0-1"]
[WhiteElo "1954"]
[BlackElo "2216"]
[PlyCount "74"]
[EventDate "2009.04.13"]
[EventType "swiss"]
[EventRounds "9"]
[EventCountry "ESP"]
[Source "lmi"]
[SourceDate "2009.04.13"]

1. Nf3 d5 2. d4 Nf6 3. c4 c6 4. Nc3 a6 5. c5 Nbd7 6. Bf4 Nh5 7. e3 g6 8. Bd3
Bg7 9. O-O O-O 10. b4 f6 11. Bc2 e5 12. dxe5 fxe5 13. Bg5 Qe8 14. Qd2 Nb8 15.
Bb3 Kh8 16. Rac1 Bg4 17. Ne1 e4 18. Bh4 Nd7 19. h3 Be6 20. Ne2 Ne5 21. Nd4 Bd7
22. f4 exf3 23. Nexf3 Nxf3+ 24. Rxf3 Rxf3 25. Nxf3 Nf6 26. Bxf6 Bxf6 27. Bc2
Qe7 28. Re1 Qg7 29. Nd4 Re8 30. Rf1 Bg5 31. Rf3 Qe7 32. Kf2 Kg7 33. Qc3 Bf6 34.
Qd2 Qe5 35. Kg1 Bg5 36. Kf2 Qh2 37. Qe2 Bh4+ 0-1

[Event "Euskadi ch 2009"]
[Site "Zornotza ESP"]
[Date "2009.04.13"]
[Round "1.13"]
[White "Arias Garcia, Luis Javier"]
[Black "Lopez Rojas, Salvador"]
[Result "1-0"]
[WhiteElo "2203"]
[BlackElo "1798"]
[PlyCount "53"]
[EventDate "2009.04.13"]
[EventType "swiss"]
[EventRounds "9"]
[EventCountry "ESP"]
[Source "lmi"]
[SourceDate "2009.04.13"]

1. Nf3 d5 2. c4 e6 3. g3 Nf6 4. b3 Be7 5. Bb2 O-O 6. Bg2 c5 7. cxd5 exd5 8. d4
cxd4 9. O-O Nc6 10. Nxd4 Qb6 11. Nxc6 bxc6 12. Nc3 Be6 13. Rc1 Rac8 14. Na4 Qb5
15. e3 Rfd8 16. Re1 c5 17. Ba3 Ne4 18. f3 Ng5 19. Qe2 Bd7 20. Qxb5 Bxb5 21.
Bxc5 Kf8 22. Bxe7+ Kxe7 23. Nc3 Bc6 24. Ne2 Ne6 25. f4 Kd6 26. Nd4 Bd7 27. Nf5#
1-0

[Event "Euskadi ch 2009"]
[Site "Zornotza ESP"]
[Date "2009.04.14"]
[Round "2.1"]
[White "Varas, Carlos"]
[Black "Gomez Esteban, Juan Mario"]
[Result "0-1"]
[WhiteElo "2245"]
[BlackElo "2495"]
[PlyCount "92"]
[EventDate "2009.04.13"]
[EventType "swiss"]
[EventRounds "9"]
[EventCountry "ESP"]
[Source "lmi"]
[SourceDate "2009.04.13"]

1. e4 c6 2. d4 d5 3. Nc3 dxe4 4. Nxe4 Bf5 5. Ng3 Bg6 6. Nf3 Nd7 7. Bd3 e6 8.
O-O Ngf6 9. c4 Be7 10. b3 O-O 11. Bxg6 hxg6 12. Bb2 c5 13. Qe2 Qc7 14. Rfd1
Rfe8 15. dxc5 Bxc5 16. Ne5 Rad8 17. Nxd7 Rxd7 18. Ne4 Nxe4 19. Qxe4 Red8 20.
Rxd7 Rxd7 21. Bc3 Qb6 22. Qe2 Bd4 23. Bxd4 Qxd4 24. Re1 e5 25. g3 f6 26. h4 a5
27. h5 g5 28. Qf3 Qd3 29. Qg4 Kf7 30. Kg2 Ke7 31. c5 Qd5+ 32. Qe4 Qxc5 33. Qh7
Qd5+ 34. Kg1 Qf7 35. Rc1 a4 36. bxa4 Ke6 37. Rb1 Ke7 38. Rb3 Kf8 39. a5 Rd1+
40. Kh2 Qd5 41. f3 Qd2+ 42. Kh3 Rh1+ 43. Kg4 Rh4+ 44. gxh4 Qg2+ 45. Kf5 Qc2+
46. Ke6 Qc8+ 0-1

[Event "Euskadi ch 2009"]
[Site "Zornotza ESP"]
[Date "2009.04.14"]
[Round "2.2"]
[White "Limeres Guiance, Cristobal"]
[Black "Martin Alvarez, Inigo"]
[Result "1/2-1/2"]
[WhiteElo "2309"]
[BlackElo "2236"]
[PlyCount "92"]
[EventDate "2009.04.13"]
[EventType "swiss"]
[EventRounds "9"]
[EventCountry "ESP"]
[Source "lmi"]
[SourceDate "2009.04.13"]

1. d4 d6 2. c4 g6 3. Nc3 Bg7 4. e4 e5 5. d5 f5 6. exf5 Bxf5 7. Bd3 Ne7 8. Bxf5
Nxf5 9. Nf3 h6 10. O-O O-O 11. Nd2 Nd7 12. Nde4 a5 13. Bd2 Qh4 14. h3 Nd4 15.
Qg4 Qxg4 16. hxg4 Nb6 17. b3 Rfd8 18. Be3 c6 19. dxc6 bxc6 20. c5 dxc5 21. Nxc5
Nd5 22. Bxd4 exd4 23. Nxd5 Rxd5 24. Nd3 c5 25. Rac1 Bf8 26. Rc4 a4 27. bxa4 Rd7
28. Rfc1 Rda7 29. Nxc5 Bxc5 30. Rxc5 Rxa4 31. Rd5 Rxa2 32. Rxd4 Ra1 33. Rxa1
Rxa1+ 34. Kh2 g5 35. Rd7 Ra2 36. f3 Ra4 37. Kg3 Ra2 38. Rd3 Kg7 39. Re3 Kf6 40.
Rb3 Kg6 41. Kh3 Kf6 42. g3 Rf2 43. f4 gxf4 44. gxf4 Rxf4 45. Kh4 Kg6 46. Rb6+
Rf6 1/2-1/2

[Event "Euskadi ch 2009"]
[Site "Zornotza ESP"]
[Date "2009.04.14"]
[Round "2.3"]
[White "Trigo Urquijo, Sergio"]
[Black "Nava Pereda, Carlos"]
[Result "1-0"]
[WhiteElo "2216"]
[BlackElo "2296"]
[PlyCount "115"]
[EventDate "2009.04.13"]
[EventType "swiss"]
[EventRounds "9"]
[EventCountry "ESP"]
[Source "lmi"]
[SourceDate "2009.04.13"]

1. e4 c5 2. Nf3 Nc6 3. d4 cxd4 4. Nxd4 g6 5. c4 Nf6 6. Nc3 d6 7. Be2 Nxd4 8.
Qxd4 Bg7 9. Bg5 O-O 10. Qd2 Be6 11. Rc1 a5 12. f3 Nd7 13. Be3 a4 14. Nd5 Nc5
15. O-O Bxd5 16. exd5 Qa5 17. Qxa5 Rxa5 18. Rc2 Ra6 19. Rb1 f5 20. g3 Rb6 21.
Bd1 Be5 22. Re2 Bf6 23. Bxc5 dxc5 24. Bxa4 Ra8 25. Bb3 Kf7 26. Rd1 Kf8 27. Kf1
Ra5 28. Red2 Raa6 29. Ke2 Bg5 30. f4 Bf6 31. Kf3 Rd6 32. h3 Rab6 33. g4 Rb4 34.
gxf5 gxf5 35. Bc2 Bxb2 36. Bxf5 Rf6 37. Be6 Be5 38. Rg2 Rxf4+ 39. Ke3 Rf7 40.
Bxf7 Kxf7 41. Kd3 Rb6 42. Rf1+ Ke8 43. Rf5 Bf6 44. Rh5 Ra6 45. Rc2 Ra3+ 46. Ke4
Kf7 47. Kf5 Rf3+ 48. Kg4 Rf1 49. Rf5 Rg1+ 50. Kf3 h5 51. Kf2 Rd1 52. Rf3 h4 53.
Rb3 Be5 54. Kg2 Bd4 55. Rxb7 Rg1+ 56. Kh2 Rg6 57. Re2 Rg5 58. Rbxe7+ 1-0

[Event "Euskadi ch 2009"]
[Site "Zornotza ESP"]
[Date "2009.04.14"]
[Round "2.4"]
[White "Galzagorri Uli, Yeray"]
[Black "Arias Garcia, Luis Javier"]
[Result "0-1"]
[WhiteElo "2263"]
[BlackElo "2203"]
[PlyCount "68"]
[EventDate "2009.04.13"]
[EventType "swiss"]
[EventRounds "9"]
[EventCountry "ESP"]
[Source "lmi"]
[SourceDate "2009.04.13"]

1. e4 e5 2. Nf3 Nc6 3. Nc3 Nf6 4. a3 d5 5. Bb5 d4 6. Ne2 Bd6 7. d3 Bd7 8. O-O
Ne7 9. Bc4 c5 10. c3 dxc3 11. bxc3 O-O 12. Bg5 Ng6 13. d4 cxd4 14. cxd4 h6 15.
dxe5 Bxe5 16. Nxe5 Nxe5 17. Bxf6 Qxf6 18. Bd5 Rad8 19. Qb3 Bc6 20. Nc3 Qf4 21.
Bxc6 bxc6 22. h3 Rd6 23. Rad1 Rg6 24. g3 Qf3 25. Qc2 h5 26. h4 Qg4 27. Qe2 Nf3+
28. Kg2 Nxh4+ 29. Kh2 Nf3+ 30. Kg2 h4 31. Rh1 Rh6 32. Rh3 Rf6 33. e5 Rf5 34.
Qe4 Qxh3+ 0-1

[Event "Euskadi ch 2009"]
[Site "Zornotza ESP"]
[Date "2009.04.14"]
[Round "2.5"]
[White "Villalta Bustillo, Igor"]
[Black "Astasio Lopez, David"]
[Result "0-1"]
[WhiteElo "2169"]
[BlackElo "2250"]
[PlyCount "78"]
[EventDate "2009.04.13"]
[EventType "swiss"]
[EventRounds "9"]
[EventCountry "ESP"]
[Source "lmi"]
[SourceDate "2009.04.13"]

1. d4 c5 2. e3 d5 3. Nf3 Nc6 4. c3 Bg4 5. h3 Bxf3 6. Qxf3 Nf6 7. dxc5 e6 8. b4
Ne4 9. Bd3 f5 10. Bb2 Be7 11. Qe2 O-O 12. Nd2 Bf6 13. Nxe4 fxe4 14. Bb5 Ne5 15.
O-O a6 16. Ba4 Bh4 17. Bb3 Nf3+ 18. Kh1 Qc7 19. g3 Rf5 20. Rg1 Raf8 21. Rg2 Rh5
22. Rag1 Bd8 23. Rh2 Rf6 24. c4 Rfh6 25. cxd5 exd5 26. Kg2 Nxh2 27. Kxh2 Qd7
28. g4 Rxh3+ 29. Kg2 Rf3 30. Be5 Bh4 31. Qd2 Rxf2+ 32. Qxf2 Bxf2 33. Kxf2 Qe7
34. Ke1 Rh3 35. Bf4 g5 36. Bxg5 Qg7 37. Bxd5+ Kh8 38. Rf1 Qa1+ 39. Kf2 Rf3+ 0-1

[Event "Euskadi ch 2009"]
[Site "Zornotza ESP"]
[Date "2009.04.14"]
[Round "2.6"]
[White "Argandona Riveiro, Inigo"]
[Black "Diez Fraile, David"]
[Result "1/2-1/2"]
[WhiteElo "2371"]
[BlackElo "2184"]
[PlyCount "88"]
[EventDate "2009.04.13"]
[EventType "swiss"]
[EventRounds "9"]
[EventCountry "ESP"]
[Source "lmi"]
[SourceDate "2009.04.13"]

1. Nf3 Nf6 2. c4 c5 3. Nc3 e6 4. g3 b6 5. Bg2 Bb7 6. O-O Be7 7. d4 cxd4 8. Qxd4
d6 9. Rd1 a6 10. Bg5 Nbd7 11. Rac1 O-O 12. Qd2 Re8 13. Bf4 e5 14. Bg5 h6 15.
Bxf6 Nxf6 16. Nh4 Bxg2 17. Kxg2 Qd7 18. e4 Qb7 19. f3 b5 20. b3 bxc4 21. bxc4
Rec8 22. Nf5 Bf8 23. Rc2 Rc6 24. Rb1 Qc7 25. Ne3 Rb8 26. Rcb2 Rxb2 27. Rxb2 Rb6
28. Rxb6 Qxb6 29. Ned5 Nxd5 30. Nxd5 Qb1 31. g4 Qb7 32. Qb4 Qc8 33. Kg3 g6 34.
h4 Kg7 35. g5 h5 36. Qc3 Qd7 37. Kg2 Qc8 38. a3 Qd7 39. Nf6 Qa4 40. f4 Qd1 41.
fxe5 Qe2+ 42. Kg1 dxe5 43. Ne8+ Kg8 44. Nf6+ Kg7 1/2-1/2

[Event "Euskadi ch 2009"]
[Site "Zornotza ESP"]
[Date "2009.04.14"]
[Round "2.7"]
[White "Sanz Perez, Eduardo"]
[Black "Agirretxe San Sebastian, Jesus"]
[Result "1-0"]
[WhiteElo "2177"]
[BlackElo "2173"]
[PlyCount "69"]
[EventDate "2009.04.13"]
[EventType "swiss"]
[EventRounds "9"]
[EventCountry "ESP"]
[Source "lmi"]
[SourceDate "2009.04.13"]

1. e4 c5 2. Nc3 Nc6 3. d3 g6 4. g3 Bg7 5. Bg2 e6 6. Be3 Nd4 7. Qd2 Ne7 8. Nd1
d6 9. c3 Ndc6 10. Bh6 Bxh6 11. Qxh6 Ng8 12. Qd2 Bd7 13. f4 Qa5 14. Ne3 Nge7 15.
Nf3 O-O-O 16. a4 d5 17. O-O dxe4 18. dxe4 Qa6 19. b4 Be8 20. Qb2 cxb4 21. cxb4
Qb6 22. Qc3 Kb8 23. a5 Nd4 24. Kh1 Qc6 25. Qd3 Qb5 26. Nc4 Nec6 27. Rfc1 Nxf3
28. Qxf3 Nd4 29. Qc3 Bc6 30. Ra2 f6 31. a6 b6 32. Na3 Qa4 33. b5 Nxb5 34. Qxc6
Rd1+ 35. Bf1 1-0

[Event "Euskadi ch 2009"]
[Site "Zornotza ESP"]
[Date "2009.04.14"]
[Round "2.8"]
[White "Huerga Leache, Mikel"]
[Black "Alvarez Ibarra, Rafael"]
[Result "1-0"]
[WhiteElo "2451"]
[BlackElo "2377"]
[PlyCount "73"]
[EventDate "2009.04.13"]
[EventType "swiss"]
[EventRounds "9"]
[EventCountry "ESP"]
[Source "lmi"]
[SourceDate "2009.04.13"]

1. e4 e5 2. Nf3 Nc6 3. Bb5 Nf6 4. O-O Nxe4 5. d4 Nd6 6. Bxc6 dxc6 7. dxe5 Nf5
8. Qxd8+ Kxd8 9. Nc3 Ke8 10. h3 Ne7 11. Re1 Ng6 12. Ne4 Bf5 13. Nd4 Bxe4 14.
Rxe4 Bc5 15. Nf5 Rg8 16. Bg5 h6 17. Bd2 Ne7 18. Ng3 Rd8 19. Bc3 Nd5 20. Be1 b5
21. a4 a6 22. Nh5 g6 23. Ng3 Kd7 24. Bd2 h5 25. c4 Nb6 26. Bg5 Be7 27. Bxe7
Kxe7 28. cxb5 cxb5 29. axb5 axb5 30. Rc1 Rd7 31. Rb4 Rgd8 32. Kh2 Nc4 33. Rxb5
c6 34. Rb4 Nxe5 35. Re1 Kf6 36. Rf4+ Kg5 37. h4+ 1-0

[Event "Euskadi ch 2009"]
[Site "Zornotza ESP"]
[Date "2009.04.14"]
[Round "2.9"]
[White "Galarza Cenzano, Inigo"]
[Black "Ruiz Gomez, Alejandro"]
[Result "0-1"]
[WhiteElo "2037"]
[BlackElo "2363"]
[PlyCount "36"]
[EventDate "2009.04.13"]
[EventType "swiss"]
[EventRounds "9"]
[EventCountry "ESP"]
[Source "lmi"]
[SourceDate "2009.04.13"]

1. e4 c5 2. Nf3 Nc6 3. Bb5 g6 4. Bxc6 bxc6 5. c4 Bg7 6. d4 cxd4 7. Nxd4 Ba6 8.
Qd3 Rc8 9. Nb3 d5 10. N3d2 Nf6 11. Nc3 O-O 12. O-O dxc4 13. Qxd8 Rfxd8 14. Re1
Nd7 15. Nf3 Nc5 16. Bg5 Nd3 17. Re2 Nxb2 18. Bxe7 Bxc3 0-1

[Event "Euskadi ch 2009"]
[Site "Zornotza ESP"]
[Date "2009.04.14"]
[Round "2.10"]
[White "Sarralde Osua, Rodrigo"]
[Black "Gutierrez Bustillo, Diego"]
[Result "1-0"]
[WhiteElo "2190"]
[BlackElo "2004"]
[PlyCount "99"]
[EventDate "2009.04.13"]
[EventType "swiss"]
[EventRounds "9"]
[EventCountry "ESP"]
[Source "lmi"]
[SourceDate "2009.04.13"]

1. e4 e5 2. Nf3 Nf6 3. Nc3 Bb4 4. Nxe5 O-O 5. Be2 Re8 6. Nd3 Bxc3 7. dxc3 Nxe4
8. Nf4 Nc6 9. O-O d6 10. Be3 Ne5 11. c4 f5 12. c3 Kh8 13. Bd4 Bd7 14. Bh5 Rf8
15. Re1 Nxc4 16. Qe2 Na5 17. Rad1 Nc6 18. Be3 Nf6 19. Bf3 Re8 20. Qc2 Ne4 21.
Bh5 g6 22. Be2 g5 23. Nd5 f4 24. Bc1 Nf6 25. h4 Nxd5 26. Rxd5 Ne5 27. hxg5 Bc6
28. Rxe5 dxe5 29. Qf5 Qd7 30. Qxd7 Bxd7 31. Bh5 Re6 32. b3 Rd8 33. c4 Kg8 34.
Bb2 e4 35. Bf6 Rf8 36. Bc3 e3 37. f3 Bc6 38. Kf1 h6 39. Bg4 Rg6 40. gxh6 Rxh6
41. Ke2 b6 42. Be5 Rh7 43. Be6+ Rff7 44. Bxf4 Kf8 45. Bxf7 Rxf7 46. Bxe3 Ke7
47. Kf2 Kf6 48. Bd4+ Kg5 49. Re5+ Rf5 50. Re7 1-0